000 01018nam a2200253 i 4500
001 bg
245 0 0 _aReduction of CO2 emission by implementation of renewable resources in central Europe regions in the context of EU Energy Policy :
_bInternational Summer School Bielawa-Wrocław, September 1-14, 2008 : proceesdings /
_c[ed. board Ivan Imriš et al.].
260 _aWrocław :
_bOficyna Wydawnicza Politechniki Wrocławskiej,
_c2008.
300 _a64 s. :
_bil. ;
_c25 cm.
504 _aBibliogr. przy ref.
650 9 _aDwutlenek węgla
_xunieszkodliwianie
650 9 _aOdnawialne źródła energii
_zEuropa Środkowa
650 9 _aBiomasa
_xstosowanie
_xenergetyka
_ymateriały konferencyjne
655 _aMateriały konferencyjne
700 1 _aImriš, Ivan
_d(1943- ).
_eRed.
020 _a9788374934275
040 _cBPK
041 _apol
044 _aPOL
080 _a620.92/.93:502.17:574.3](4-191.2)(061)
920 _a978-83-7493-427-5
942 _cKS
008 090803s2008 pl a |000 0 eng
999 _c56584
_d56584
856 _uhttp://koha.tu.koszalin.pl/cgi-bin/koha/opac-detail.pl?biblionumber=56584
_yKatalog online BPK